Traitor to his class (Record no. 2564)

000 -LEADER
fixed length control field 00844nam a2200253 a 4500
001 - CONTROL NUMBER
control field 2564
003 - CONTROL NUMBER IDENTIFIER
control field BD-DhUET
008 - FIXED-LENGTH DATA ELEMENTS--GENERAL INFORMATION
fixed length control field 980707s1999 nyu b 001 0beng
020 ## - INTERNATIONAL STANDARD BOOK NUMBER
International Standard Book Number 0471174483
020 ## - INTERNATIONAL STANDARD BOOK NUMBER
International Standard Book Number 9780471174486
040 ## - CATALOGING SOURCE
Original cataloging agency DLC
Transcribing agency DLC
Modifying agency BD-DhUET
082 00 - DEWEY DECIMAL CLASSIFICATION NUMBER
Classification number 920
Item number ROS/1999
100 1# - MAIN ENTRY--PERSONAL NAME
Personal name Rosenberg, Hilary,
245 12 - TITLE STATEMENT
Title Traitor to his class
Remainder of title Robert A.G. Monks and the battle to change corporate America
Statement of responsibility, etc. by Hilary Rosenberg
250 ## - EDITION STATEMENT
Edition statement 1st ed.
260 ## - PUBLICATION, DISTRIBUTION, ETC. (IMPRINT)
Place of publication, distribution, etc. New York
Name of publisher, distributor, etc. John Wiley
Date of publication, distribution, etc. 1999
300 ## - PHYSICAL DESCRIPTION
Extent xvi, 378 p.
Dimensions 24 cm.
504 ## - BIBLIOGRAPHY, ETC. NOTE
Bibliography, etc Includes bibliographies
650 #0 - SUBJECT ADDED ENTRY--TOPICAL TERM
Topical term or geographic name as entry element Biography
Geographic subdivision United States
942 ## - ADDED ENTRY ELEMENTS (KOHA)
Koha item type General Book
856 42 - ELECTRONIC LOCATION AND ACCESS
Uniform Resource Identifier http://www.loc.gov/catdir/bios/wiley042/98034982.html
856 42 - ELECTRONIC LOCATION AND ACCESS
Uniform Resource Identifier http://www.loc.gov/catdir/description/wiley034/98034982.html
856 4# - ELECTRONIC LOCATION AND ACCESS
Uniform Resource Identifier http://www.loc.gov/catdir/toc/onix05/98034982.html
Holdings
Koha item type Price effective from Not for loan Withdrawn status Date acquired Damaged status Source of classification or shelving scheme Koha normalized classification for sorting Sublocation or collection (holding branch) Copy number Koha full call number Lost status Location (home branch) Piece designation (barcode) Koha date last seen Shelving location
General Book2014-09-27  2014-09-27  920ROS1999Central Library, BUET1920/ROS/1999 Central Library, BUET989772014-09-27Circulation section